000 00796cam a2200277 a 4500
999 _c3268
_d3268
001 51167
003 GBCCL
005 20241126110451.0
008 750922s1975 pau b 000 0 eng
010 _a 74026345 //r85
020 _a0800604601 :
_c$2.75
035 _a(OCoLC)01611809
040 _aDLC
_cDLC
_dLBB
049 _aLBBK
_aLBBT
_aLBBC
_aLBBA
050 0 _aBS476
_b.K73
082 0 _a220.67
_bKRE
090 _aBS476
_b.K73
100 1 _aKrentz, Edgar.
_96714
245 1 4 _aThe historical-critical method /
_cby Edgar Krentz.
260 _aPhiladelphia :
_bFortress Press,
_cc1975.
300 _avi, 88 p. ;
_c22 cm.
440 0 _aGuides to biblical scholarship.
_96715
504 _aIncludes bibliographical references.
630 0 0 _aBible
_xHermeneutics.
_91790
942 _2ddc
_cBK